| 000 | 01171 a2200205 4500 | ||
|---|---|---|---|
| 001 | 27124 | ||
| 005 | 20260407155548.0 | ||
| 008 | 260407a1983 arg spa d | ||
| 003 | AR-UNSa-BCEJYS | ||
| 040 |
_aAR-UNSa-BCEJYS _bspa _cAR-UNSa-BCEJYS |
||
| 080 |
_a711(82) _xUrbanismo en Argentina |
||
| 245 | 1 | 0 |
_aLa Plata, ciudad nueva, ciudad antigua _phistoria, forma y estructura de un espacio urbano singular |
| 020 | _a84-7088-331-3 | ||
| 264 | 1 |
_aLa Plata : _b(EDULP) Editorial de la Universidad Nacional de la Plata _c1983 |
|
| 300 |
_a413 p. _c22 cm. |
||
| 505 | _a1. Tiempo - 2. Lugar - 3. Antecedentes - 4. Modo - 5. Descripción general - 6. Arquitectura y paisaje urbano fundacionales - 7. Resonancias formales y culturales - 8. La fundación - 9. Evolución de la región con posterioridad a la fundación - 10. Transformaciones formales de la traza - 11. Arquitectura y paisaje urbano actual - 12. La vía pública urbana - 13. El elemento vegetal - 14. Población y actividades - 15. Canales y flujos - 16. Estructura urbana - 17. Sintesís - 18. Recomendaciones | ||
| 942 | _cBK | ||
| 590 | _aniveau_biblio:m niveau_hierar:0 | ||
| 100 | 1 | _aTerán, Fernando de | |
| 999 |
_c1549 _d1549 |
||